|
|
|
|
| LEADER |
01640nam a2200385 a 4500 |
| 001 |
28617 |
| 003 |
BD-DhAAL |
| 005 |
20141130122228.0 |
| 008 |
141130r20101996nyub b 000 0 eng |
| 010 |
|
|
|a 95037928
|
| 020 |
|
|
|a 0393964582 (pbk.)
|
| 020 |
|
|
|a 9780393964585
|
| 040 |
|
|
|a DLC
|c DLC
|d DLC
|d BD-DhAAL
|
| 043 |
|
|
|a e-uk-en
|
| 050 |
0 |
0 |
|a PR5397.F73
|b M36 1996
|
| 082 |
0 |
0 |
|a 823/.7
|2 20
|
| 100 |
1 |
|
|a Shelley, Mary Wollstonecraft,
|d 1797-1851.
|9 6290
|
| 245 |
1 |
0 |
|a Frankenstein :
|b the 1818 text, contexts, nineteenth-century responses, modern criticism /
|c Mary Shelley ; edited by J. Paul Hunter.
|
| 250 |
|
|
|a 1st ed.
|
| 260 |
|
|
|a New York :
|b W.W. Norton,
|c c1996.
|
| 300 |
|
|
|a xii, 336 p. :
|b map ;
|c 22 cm.
|
| 490 |
0 |
|
|a A Norton critical edition
|
| 504 |
|
|
|a Includes bibliographical references (p. 335-336).
|
| 541 |
|
|
|e 28617
|
| 600 |
1 |
0 |
|a Shelley, Mary Wollstonecraft,
|d 1797-1851.
|t Frankenstein.
|9 6291
|
| 650 |
|
0 |
|a Women and literature
|z England
|x History
|y 19th century.
|9 6292
|
| 650 |
|
0 |
|a Horror tales, English
|x History and criticism.
|9 6293
|
| 650 |
|
0 |
|a Frankenstein, Victor (Fictitious character)
|9 6294
|
| 650 |
|
0 |
|a Scientists in literature.
|9 6295
|
| 650 |
|
0 |
|a Monsters in literature.
|9 6296
|
| 650 |
|
0 |
|a Frankenstein's monster (Fictitious character)
|9 6297
|
| 700 |
1 |
|
|a Hunter, J. Paul,
|d 1934-
|9 6298
|
| 942 |
|
|
|2 ddc
|c BK
|
| 999 |
|
|
|c 33149
|d 33149
|
| 952 |
|
|
|0 0
|1 0
|2 ddc
|4 0
|6 823_700000000000000_SHE
|7 0
|9 44251
|a BRACUL
|b BRACUL
|c GEN
|d 2014-11-30
|e BRAC Institute of Language (BIL)
|l 14
|m 102
|o 823.7 SHE
|p 3010028617
|q 2026-06-02
|r 2025-11-18
|s 2025-11-18
|t 1
|w 2014-11-30
|y BK
|x Transferred from BIL to BRACUL on 06/06/22
|